| 000 | 00475nam a22001697a 4500 | ||
|---|---|---|---|
| 003 | OSt | ||
| 005 | 20260223133945.0 | ||
| 008 | 241104b |||||||| |||| 00| 0 eng d | ||
| 020 | _a9780128192863 | ||
| 040 |
_aSRHU _bEnglish _cSRHU |
||
| 082 |
_223rd _a614.1 |
||
| 245 |
_aForensic Toxicology : Principles & Concepts _cLappas, Nicholas T & lappas Courtney M |
||
| 250 | _a2nd | ||
| 260 |
_aU K _bElsevier _c2022 |
||
| 300 |
_axxii,516p _c24cm |
||
| 942 |
_2ddc _cFM _e2nd |
||
| 999 |
_c19198 _d19198 |
||